ՄԱՅՐ ԱԹՈՌ ՍՈՒՐԲ ԷՋՄԻԱԾԻՆ

«ՎԱՉԵ ԵՎ ԹԱՄԱՐ ՄԱՆՈՒԿՅԱՆ» ՄԱՏԵՆԱԴԱՐԱՆ

Ֆրիտյոֆ Նանսենի պայքարը հանուն մարդու իրավունքների և մարդկային արժանապատվության / (Record no. 63522)

MARC details
000 -LEADER
fixed length control field 01314nam a22003017a 4500
003 - CONTROL NUMBER IDENTIFIER
control field SEM
001 - CONTROL NUMBER
control field 000240773
005 - DATE AND TIME OF LATEST TRANSACTION
control field 20220608072936.0
008 - FIXED-LENGTH DATA ELEMENTS--GENERAL INFORMATION
fixed length control field 211209s2003 ai ||||gr|||||001|0 arm|d
020 ## - INTERNATIONAL STANDARD BOOK NUMBER
International Standard Book Number 9993076430
040 ## - CATALOGING SOURCE
Transcribing agency SEM
Original cataloging agency SEM
041 ## - LANGUAGE CODE
Language code of text/sound track or separate title arm
080 ## - UNIVERSAL DECIMAL CLASSIFICATION NUMBER
Universal Decimal Classification number 34(4)/Է-14
100 1# - MAIN ENTRY--PERSONAL NAME
Personal name Էգգե, Բյորն
245 10 - TITLE STATEMENT
Title Ֆրիտյոֆ Նանսենի պայքարը հանուն մարդու իրավունքների և մարդկային արժանապատվության /
Statement of responsibility, etc. Բ. Էգգե ; Խմբ.՝ Լ. Բարսեղյան
246 11 - VARYING FORM OF TITLE
Title proper/short title Fridtjof Nansens kamp for menneskerettigheter og menneskeverd /
260 ## - PUBLICATION, DISTRIBUTION, ETC.
Place of publication, distribution, etc. Երևան :
Name of publisher, distributor, etc. ա. հ.,
Date of publication, distribution, etc. 2003.
300 ## - PHYSICAL DESCRIPTION
Extent 25 էջ :
Other physical details լուսանկ.;
Dimensions 19 սմ
600 17 - SUBJECT ADDED ENTRY--PERSONAL NAME
Personal name Նանսեն Ֆրիտյոֆ
Dates associated with a name (1861-1930)
650 ## - SUBJECT ADDED ENTRY--TOPICAL TERM
Topical term or geographic name entry element Հումանիզմ
General subdivision մարդու իրավունքներ
650 ## - SUBJECT ADDED ENTRY--TOPICAL TERM
Topical term or geographic name entry element Դիվանագիտություն
General subdivision մարդու իրավունքներ
653 ## - INDEX TERM--UNCONTROLLED
Uncontrolled term ՍԷՄ
700 ## - ADDED ENTRY--PERSONAL NAME
Personal name Բարսեղյան Լավրենտի
Relator term խմբ.
Relationship edt.
710 2# - ADDED ENTRY--CORPORATE NAME
Corporate name or jurisdiction name as entry element Հայաստանի գիտությունների ազգային ակադեմիա
710 ## - ADDED ENTRY--CORPORATE NAME
Corporate name or jurisdiction name as entry element Հայոց ցեղասպանության թանգարան-ինստիտուտ
710 ## - ADDED ENTRY--CORPORATE NAME
Corporate name or jurisdiction name as entry element Ֆրիտյոֆ Նանսենի միջազգային հիմնադրամ
942 ## - ADDED ENTRY ELEMENTS (KOHA)
Source of classification or shelving scheme Universal Decimal Classification
Koha item type Գրքեր/Books
Holdings
Withdrawn status Lost status Source of classification or shelving scheme Damaged status Not for loan Collection code Home library Current library Date acquired Inventory number Total Checkouts Full call number Barcode Date last seen Price effective from Koha item type Public note Date last checked out Cost, normal purchase price
    Universal Decimal Classification     Գրապահոց Մայր Աթոռ Սուրբ Էջմիածին «Վաչե և Թամար Մանուկյան» Մատենադարան Մայր Աթոռ Սուրբ Էջմիածին «Վաչե և Թամար Մանուկյան» Մատենադարան 21/07/2015 11491   34(4)/Է-14 11491 21/07/2015 21/07/2015 Գրքեր/Books Սպասարկվում է ընթերցասրահ    
    Universal Decimal Classification     Գրապահոց Մայր Աթոռ Սուրբ Էջմիածին «Վաչե և Թամար Մանուկյան» Մատենադարան Մայր Աթոռ Սուրբ Էջմիածին «Վաչե և Թամար Մանուկյան» Մատենադարան 21/07/2015 11492   34(4)/Է-14 11492 21/07/2015 21/07/2015 Գրքեր/Books Սպասարկվում է 30 օր    
    Universal Decimal Classification     Գրապահոց Մայր Աթոռ Սուրբ Էջմիածին «Վաչե և Թամար Մանուկյան» Մատենադարան Մայր Աթոռ Սուրբ Էջմիածին «Վաչե և Թամար Մանուկյան» Մատենադարան 21/07/2015 11493   34(4)/Է-14 11493 21/07/2015 21/07/2015 Գրքեր/Books Սպասարկվում է 30 օր    
    Universal Decimal Classification     Գրապահոց Մայր Աթոռ Սուրբ Էջմիածին «Վաչե և Թամար Մանուկյան» Մատենադարան Մայր Աթոռ Սուրբ Էջմիածին «Վաչե և Թամար Մանուկյան» Մատենադարան 21/07/2015 11494 1 34(4)/Է-14 11494 05/12/2016 21/07/2015 Գրքեր/Books Սպասարկվում է 30 օր 28/11/2016  
    Universal Decimal Classification     Գրապահոց Մայր Աթոռ Սուրբ Էջմիածին «Վաչե և Թամար Մանուկյան» Մատենադարան Մայր Աթոռ Սուրբ Էջմիածին «Վաչե և Թամար Մանուկյան» Մատենադարան 21/07/2015 24884   34(4)/Է-14 24884 21/07/2015 21/07/2015 Գրքեր/Books Սպասարկվում է 30 օր    
    Universal Decimal Classification     Գրապահոց Մայր Աթոռ Սուրբ Էջմիածին «Վաչե և Թամար Մանուկյան» Մատենադարան Մայր Աթոռ Սուրբ Էջմիածին «Վաչե և Թամար Մանուկյան» Մատենադարան 21/07/2015 24885   34(4)/Է-14 24885 21/07/2015 21/07/2015 Գրքեր/Books Սպասարկվում է 30 օր    
    Universal Decimal Classification     Գրապահոց Մայր Աթոռ Սուրբ Էջմիածին «Վաչե և Թամար Մանուկյան» Մատենադարան Մայր Աթոռ Սուրբ Էջմիածին «Վաչե և Թամար Մանուկյան» Մատենադարան 21/07/2015 24886   34(4)/Է-14 24886 21/07/2015 21/07/2015 Գրքեր/Books Սպասարկվում է 30 օր    
    Universal Decimal Classification     Գրապահոց Մայր Աթոռ Սուրբ Էջմիածին «Վաչե և Թամար Մանուկյան» Մատենադարան Մայր Աթոռ Սուրբ Էջմիածին «Վաչե և Թամար Մանուկյան» Մատենադարան 21/07/2015 24887   34(4)/Է-14 24887 21/07/2015 21/07/2015 Գրքեր/Books Սպասարկվում է 30 օր    
    Universal Decimal Classification     Գրապահոց Մայր Աթոռ Սուրբ Էջմիածին «Վաչե և Թամար Մանուկյան» Մատենադարան Մայր Աթոռ Սուրբ Էջմիածին «Վաչե և Թամար Մանուկյան» Մատենադարան 21/07/2015 24888   34(4)/Է-14 24888 21/07/2015 21/07/2015 Գրքեր/Books Սպասարկվում է 30 օր    
    Universal Decimal Classification     Գրապահոց Մայր Աթոռ Սուրբ Էջմիածին «Վաչե և Թամար Մանուկյան» Մատենադարան Մայր Աթոռ Սուրբ Էջմիածին «Վաչե և Թամար Մանուկյան» Մատենադարան 21/07/2015 24889   34(4)/Է-14 24889 21/07/2015 21/07/2015 Գրքեր/Books Սպասարկվում է 30 օր    
    Universal Decimal Classification     Գրապահոց Մայր Աթոռ Սուրբ Էջմիածին «Վաչե և Թամար Մանուկյան» Մատենադարան Մայր Աթոռ Սուրբ Էջմիածին «Վաչե և Թամար Մանուկյան» Մատենադարան 09/12/2021 33309   34(4)/Է-14 33309 09/12/2021 08/06/2022 Գրքեր/Books Սպասարկվում է 30 օր   600.00